| 000 | 00951nam a2200205Ia 4500 | ||
|---|---|---|---|
| 999 |
_c36205 _d36205 |
||
| 001 | 2108 | ||
| 003 | GE_BSU | ||
| 005 | 20190514152331.0 | ||
| 008 | 181216s1979||||ge |||||||||||||| ||geo|| | ||
| 040 | _cGE_BSU | ||
| 041 | _ageo | ||
| 080 | _a537(075.8) მ–71 | ||
| 100 |
_aმირცხულავა, ი. _91114 |
||
| 245 |
_aნახევარგამტართა ფიზიკა : _bდამხმ. სახელმძღვ. ფიზიკის ფაკ-ტის სტუდენტებისათვის / _cი.მირცხულავა; გამომც. რედ. ა. სტურუა. |
||
| 264 |
_aთბილისი : _bთბილ. უნ-ტის გამ-ბა, _c1979. |
||
| 300 |
_a407 გვ. _b22 სმ. |
||
| 653 | _aნახევარგამტართა ფიზიკა. | ||
| 700 |
_aსტურუა, ა. _eგამომც. რედ. _91115 |
||
| 942 |
_cBK _2udc |
||